[Event "FRA-ch Blitz Online Qual"]
[Site "Europe Echecs INT"]
[Date "2020.05.16"]
[Round "5"]
[White "Ferey, Antonin"]
[Black "Genot, Jean Paul"]
[Result "1-0"]
[WhiteElo "2138"]
[BlackElo "1673"]
[PlyCount "31"]
[EventDate "2020.05.16"]
[EventType "swiss (blitz)"]
[EventRounds "15"]
[EventCountry "FRA"]
[SourceTitle "CBM 196 Extra"]
[Source "ChessBase"]
[SourceDate "2020.07.31"]
[SourceVersion "1"]
[SourceVersionDate "2020.07.31"]
[SourceQuality "1"]

1. d4 Nf6 2. Nf3 e6 3. c4 b6 4. Nc3 Bb4 5. Qc2 0-0 6. e4 d6 7. Bd3 Bb7 8. e5 dxe5 9. dxe5 Nfd7 10. Bxh7+ Kh8 11. Be4 Nc5 12. Bxb7 Nxb7 13. Ng5 g6 14. Qe4 Nc5 15. Qh4+ Kg8 16. Qh7# 1-0

[Event "FRA-ch Blitz Online Qual"]
[Site "Europe Echecs INT"]
[Date "2020.05.16"]
[Round "14"]
[White "Zanin, Clement"]
[Black "Genot, Jean Paul"]
[Result "1-0"]
[WhiteElo "1327"]
[BlackElo "1673"]
[PlyCount "91"]
[EventDate "2020.05.16"]
[EventType "swiss (blitz)"]
[EventRounds "15"]
[EventCountry "FRA"]
[SourceTitle "CBM 196 Extra"]
[Source "ChessBase"]
[SourceDate "2020.07.31"]
[SourceVersion "1"]
[SourceVersionDate "2020.07.31"]
[SourceQuality "1"]

1. e4 c5 2. Nc3 g6 3. Bc4 Bg7 4. f4 Nc6 5. Nf3 a6 6. d3 e6 7. f5 exf5 8. 0-0 Nge7 9. Qe1 0-0 10. Qh4 Ne5 11. Ng5 h6 12. Nf3 N7c6 13. Qg3 Nxc4 14. dxc4 fxe4 15. Nxe4 d5 16. cxd5 Nd4 17. Nxd4 cxd4 18. Kh1 Qxd5 19. Nf2 Bf5 20. Ng4 h5 21. Nh6+ Kh7 22. Nxf5 gxf5 23. Qh3 f4 24. Bxf4 Bh6 25. Bxh6 Kxh6 26. Rf6+ Kh7 27. Rf5 Qe6 28. Rxh5+ Kg7 29. Qg3+ Kf6 30. Rh6+ Ke7 31. Rxe6+ fxe6 32. Qg7+ Kd6 33. Qxd4+ Ke7 34. Qc5+ Kd7 35. Rd1+ Ke8 36. Qd6 Rf6 37. Qd7+ Kf8 38. Qxb7 Re8 39. Qb4+ Kg7 40. Qg4+ Kf8 41. h3 Ke7 42. Qg7+ Rf7 43. Rd7+ Kxd7 44. Qxf7+ Re7 45. Qf1 Kd6 46. Qxa6+ 1-0